La sexualidad humana / (Record no. 53497)

MARC details
000 -CABECERA
campo de control de longitud fija 00641nam a2200217 a 4500
005 - FECHA Y HORA DE LA ÚLTIMA TRANSACCIÓN
campo de control 20230309063652.0
008 - ELEMENTOS DE LONGITUD FIJA--INFORMACIÓN GENERAL
campo de control de longitud fija 991125c1987 bar 000 0 spa u
020 ## - NÚMERO INTERNACIONAL NORMALIZADO PARA LIBROS
Número Internacional Estándar del Libro 8425319110
035 ## - NÚMERO DE CONTROL DEL SISTEMA
Número de control de sistema UPN01000053497
049 ## - COLECCIÓN
Colección CG
050 #4 - SIGNATURA TOPOGRÁFICA DE LA BIBLIOTECA DEL CONGRESO
Número de clasificación HQ56
Número de documento/Ítem M3.88 1987
100 1# - ASIENTO PRINCIPAL--NOMBRE PERSONAL
Nombre de persona Masters, William H.
245 13 - MENCIÓN DE TÍTULO
Título La sexualidad humana /
Mención de responsabilidad, etc. William H. Masters, Virginia E. Johnson, Robert C. Kolodny ; tr. Rafael Andreu.
250 ## - MENCIÓN DE EDICIÓN
Mención de edición 8a. ed.
260 ## - PUBLICACIÓN, DISTRIBUCIÓN, ETC.
Lugar de publicación, distribución, etc. Barcelona (Esp.) :
Nombre del editor, distribuidor, etc. Grijalbo,
Fecha de publicación, distribución, etc. c1987.
300 ## - DESCRIPCIÓN FÍSICA
Extensión 3 v.
650 #4 - ASIENTO SECUNDARIO DE MATERIA - TERMINO TEMATICO
Término de materia o nombre geográfico como elemento de entrada Sexo
9 (RLIN) 6715
700 1# - ASIENTO SECUNDARIO--NOMBRE DE PERSONAL
Nombre de persona Johnson, Virginia E.,
Término indicativo de función/relación coaut.
700 1# - ASIENTO SECUNDARIO--NOMBRE DE PERSONAL
Nombre de persona Kolodny, Robert C.,
Término indicativo de función/relación coaut.
905 ## - TIPO DE MATERIAL
Tipo de material Libro
Holdings
Estado de retiro Estado de pérdida Fuente del sistema de clasificación o colocación Estado dañado No para préstamo Código de colección Localización permanente Ubicación/localización actual Ubicación en estantería Fecha de adquisición Enumeración/cronología de publicación seriada Total de préstamos Clasificación Código de barras Fecha visto por última vez Fecha del último préstamo Número de copia Tipo de ítem Koha
    Library of Congress Classification     Colección General Bib. Gregorio Torres Quintero Bib. Gregorio Torres Quintero Planta baja 30/09/2022 v.2 63 HQ56 M3.88 1987 92871 20/05/2024 03/05/2024 1 Libro
    Library of Congress Classification     Colección General Bib. Gregorio Torres Quintero Bib. Gregorio Torres Quintero Planta baja   v.1 78 HQ56 M3.88 1987 92870 31/12/2020   1 Libro
    Library of Congress Classification     Colección General Bib. Gregorio Torres Quintero Bib. Gregorio Torres Quintero Planta baja   v.3 18 HQ56 M3.88 1987 92872 31/12/2020   1 Libro